MAASAI MARA UNIVERSITY

LIBRARY CATALOGUE

Contact Us: +254 020 2685356/7 or 0774 057787

Box: 861-20500, NAROK, KENYA

Email: info@mmarau.ac.ke

_Marketing Management Anaysis,planning,implimentation,and control[9th ed.] Philip Kotler (Record no. 12267)

MARC details
000 -LEADER
fixed length control field 00496nam a2200157Ia 4500
008 - FIXED-LENGTH DATA ELEMENTS--GENERAL INFORMATION
fixed length control field 151021s9999 xx 000 0 und d
020 ## - INTERNATIONAL STANDARD BOOK NUMBER
International Standard Book Number 132435101
050 ## - LIBRARY OF CONGRESS CALL NUMBER
Classification number HF 5415.13.K64 1997
245 ## - TITLE STATEMENT
Title _Marketing Management Anaysis,planning,implimentation,and control[9th ed.] Philip Kotler
260 ## - PUBLICATION, DISTRIBUTION, ETC. (IMPRINT)
Place of publication, distribution, etc. New Jersey prentice Hall 1997
300 ## - PHYSICAL DESCRIPTION
Extent xl,789p.
500 ## - GENERAL NOTE
General note Includes index
500 ## - GENERAL NOTE
General note Includes index
650 ## - SUBJECT ADDED ENTRY--TOPICAL TERM
Topical term or geographic name as entry element _Marketing -Management
980 ## - EQUIVALENCE OR CROSS-REFERENCE-SERIES STATEMENT--PERSONAL NAME/TITLE [LOCAL, CANADA]
Personal name ^d20120808 05:36:07^oanne

No items available.

© 2016 Maasai Mara University.